Política (Record no. 107337)

MARC details
000 -LEADER
campo de control de longitud fija 01346nac a2200385 a 4500
003 - IDENTIFICADOR DE NÚMERO DE CONTROL
campo de control CO-PeBPM
005 - FECHA Y HORA DE LA ÚLTIMA TRANSACCIÓN
campo de control 20260423104753.0
007 - CAMPO FIJO DE DESCRIPCIÓN FÍSICA--INFORMACIÓN GENERAL
campo de control de longitud fija ta
008 - DATOS DE LONGITUD FIJA--INFORMACIÓN GENERAL
campo de control de longitud fija 260423s1985 ck |||| |||| 00| 0 spa d
020 ## - NÚMERO INTERNACIONAL ESTÁNDAR DEL LIBRO
Número Internacional Estándar del Libro ISBN: 8476343418 (V.1)
020 ## - NÚMERO INTERNACIONAL ESTÁNDAR DEL LIBRO
Número Internacional Estándar del Libro ISBN: 8476343426 (V.2)
040 ## - FUENTE DE CATALOGACIÓN
Centro catalogador/agencia de origen CO-PeBPM
Lengua de catalogación spa
Centro/agencia transcriptor CO-PeBPM
Normas de descripción rda
082 04 - NÚMERO DE LA CLASIFICACIÓN DECIMAL DEWEY
Número de clasificación 185 A716ol
Número de edición 22
100 1# - ENTRADA PRINCIPAL--NOMBRE DE PERSONA
Nombre de persona Aristóteles
Fechas asociadas al nombre 384-322 a.C.
Término indicativo de función/relación autor
245 10 - MENCIÓN DEL TÍTULO
Título Política
Mención de responsabilidad, etc. / Aristóteles; traducción de Pedro Simón Abril... [y otros tres]; introducción Antonio Alegre Gorri
264 ## - PRODUCCIÓN, PUBLICACIÓN, DISTRIBUCIÓN, FABRICACIÓN Y COPYRIGHT
Producción, publicación, distribución, fabricación y copyright Barcelona, España
Nombre del de productor, editor, distribuidor, fabricante : Ediciones Orbis
Fecha de producción, publicación, distribución, fabricación o copyright , 1985
300 ## - DESCRIPCIÓN FÍSICA
Extensión 222 páginas
Dimensiones 19 cm.
336 ## - TIPO DE CONTENIDO
Fuente rdacontent
Término de tipo de contenido texto
Código de tipo de contenido txt
337 ## - TIPO DE MEDIO
Fuente rdamedia
Nombre/término del tipo de medio sin mediación
Código del tipo de medio n
338 ## - TIPO DE SOPORTE
Fuente rdacarrier
Nombre/término del tipo de soporte volumen
Código del tipo de soporte nc
490 ## - MENCIÓN DE SERIE
Mención de serie Historia del Pensamiento
Designación de volumen o secuencia 99, 100
500 ## - NOTA GENERAL
Nota general Incluyen índice al final del texto
650 17 - PUNTO DE ACCESO ADICIONAL DE MATERIA--TÉRMINO DE MATERIA
Término de materia o nombre geográfico como elemento de entrada Aristotelismo
Fuente del encabezamiento o término LEMB
650 17 - PUNTO DE ACCESO ADICIONAL DE MATERIA--TÉRMINO DE MATERIA
Término de materia o nombre geográfico como elemento de entrada Filosofía griega
Fuente del encabezamiento o término LEMB
650 17 - PUNTO DE ACCESO ADICIONAL DE MATERIA--TÉRMINO DE MATERIA
Término de materia o nombre geográfico como elemento de entrada Filosofía política
Fuente del encabezamiento o término LEMB
650 17 - PUNTO DE ACCESO ADICIONAL DE MATERIA--TÉRMINO DE MATERIA
Término de materia o nombre geográfico como elemento de entrada Democracia
Fuente del encabezamiento o término LEMB
650 17 - PUNTO DE ACCESO ADICIONAL DE MATERIA--TÉRMINO DE MATERIA
Término de materia o nombre geográfico como elemento de entrada Política
Fuente del encabezamiento o término LEMB
650 17 - PUNTO DE ACCESO ADICIONAL DE MATERIA--TÉRMINO DE MATERIA
Término de materia o nombre geográfico como elemento de entrada Formas de gobierno
Fuente del encabezamiento o término LEMB
700 1# - ENTRADA AGREGADA--NOMBRE PERSONAL
Nombre de persona Abril, Pedro Simón
Término indicativo de función/relación traducción
700 1# - ENTRADA AGREGADA--NOMBRE PERSONAL
Nombre de persona Alegre Gorri, Antonio
Término indicativo de función/relación traducción
700 1# - ENTRADA AGREGADA--NOMBRE PERSONAL
Nombre de persona Santolaria Arrontes, Juan
Término indicativo de función/relación traducción
700 1# - ENTRADA AGREGADA--NOMBRE PERSONAL
Nombre de persona Lavado Fau, Montserrat
Término indicativo de función/relación traducción
700 1# - ENTRADA AGREGADA--NOMBRE PERSONAL
Nombre de persona Alegre Gorri, Antonio
Término indicativo de función/relación introducción
942 ## - ELEMENTOS DE ENTRADA SECUNDARIOS (KOHA)
Fuente del sistema de clasificación o colocación Clasificación Decimal Dewey
Suprimir en OPAC No
Tipo de ítem Koha Libros
Holdings
Estatus retirado Estado de pérdida Fuente del sistema de clasificación o colocación Estado de daño No para préstamo Colección Biblioteca de origen Biblioteca actual Ubicación en estantería Fecha de adquisición Fuente de adquisición Total de préstamos Signatura topográfica completa Código de barras Visto por última vez Copia número Precio de reemplazo Tipo de ítem Koha
    Clasificación Decimal Dewey     General BIBLIOTECA PÚBLICA MUNICIPAL RAMON CORREA MEJIA BIBLIOTECA PÚBLICA MUNICIPAL RAMON CORREA MEJIA Colección general 23/04/2021 Donado por Orlando Sierra   185 A716ol 44852 23/04/2026 V.1 Ej.1 23/04/2026 Libros
    Clasificación Decimal Dewey     General BIBLIOTECA PÚBLICA MUNICIPAL RAMON CORREA MEJIA BIBLIOTECA PÚBLICA MUNICIPAL RAMON CORREA MEJIA Colección general 23/04/2021 Donado por Orlando Sierra   185 A716ol 46841 23/04/2026 V.1 Ej.2 23/04/2026 Libros
    Clasificación Decimal Dewey     General BIBLIOTECA PÚBLICA MUNICIPAL RAMON CORREA MEJIA BIBLIOTECA PÚBLICA MUNICIPAL RAMON CORREA MEJIA Colección general 23/04/2021 Donación   185 A716ol 44853 23/04/2026 V.2 Ej.1 23/04/2026 Libros
    Clasificación Decimal Dewey     General BIBLIOTECA PÚBLICA MUNICIPAL RAMON CORREA MEJIA BIBLIOTECA PÚBLICA MUNICIPAL RAMON CORREA MEJIA Colección general 23/04/2021 Donado por Orlando Sierra   185 A716ol 46842 23/04/2026 V.2 Ej.2 23/04/2026 Libros

Powered by Koha